[Event "Titled Tuesday intern op 19th Sep Late"]
[Site "Chess.com INT"]
[Date "2023.09.19"]
[Round "3"]
[White "Ashraf, Artin"]
[Black "Ostrovskiy, Aleksandr A"]
[Result "1-0"]
[WhiteElo "2340"]
[BlackElo "2370"]
[PlyCount "55"]
[EventDate "2023.09.19"]
[EventType "swiss (blitz)"]
[EventRounds "11"]
[EventCountry "USA"]
[SourceTitle "EXT 2024"]
[Source "ChessBase"]
[SourceDate "2023.10.10"]
[SourceVersion "1"]
[SourceVersionDate "2023.10.10"]
[SourceQuality "1"]

1. Nf3 g6 2. d4 Bg7 3. c4 e6 4. g3 Ne7 5. Bg2 d5 6. 0-0 0-0 7. Nc3 Nbc6 8. e3 a5 9. b3 b6 10. Re1 Ba6 11. cxd5 exd5 12. Ba3 Re8 13. Rc1 Nb4 14. Bf1 Bxf1 15. Rxf1 c6 16. Ne2 Qd7 17. Qd2 Nf5 18. Bxb4 axb4 19. Rc2 Qd6 20. Rfc1 Rac8 21. Nf4 f6 22. Nd3 Bf8 23. Nfe1 h5 24. Nf4 Kf7 25. Ned3 h4 26. Qd1 Be7 27. Nxg6 Nxe3 28. Qh5 1-0

[Event "Titled Tuesday intern op 19th Sep Late"]
[Site "Chess.com INT"]
[Date "2023.09.19"]
[Round "8"]
[White "Erzhanov, Arman"]
[Black "Ostrovskiy, Aleksandr A"]
[Result "1-0"]
[WhiteElo "2175"]
[BlackElo "2370"]
[PlyCount "93"]
[EventDate "2023.09.19"]
[EventType "swiss (blitz)"]
[EventRounds "11"]
[EventCountry "USA"]
[SourceTitle "EXT 2024"]
[Source "ChessBase"]
[SourceDate "2023.10.10"]
[SourceVersion "1"]
[SourceVersionDate "2023.10.10"]
[SourceQuality "1"]

1. e4 d5 2. exd5 Nf6 3. Bb5+ Nbd7 4. Nf3 a6 5. Be2 Nxd5 6. d4 b5 7. 0-0 e6 8. a4 Rb8 9. axb5 axb5 10. Na3 c6 11. c3 Be7 12. Nc2 0-0 13. Ne3 Nf4 14. Re1 Nxe2+ 15. Qxe2 Bb7 16. b4 Bd6 17. Ng4 Qc7 18. Bg5 Rbe8 19. Bh4 f6 20. Bg3 Nb6 21. Ra7 Bxg3 22. hxg3 Qb8 23. Rea1 Na4 24. R7xa4 bxa4 25. Rxa4 Qd6 26. Ra5 Bc8 27. Ne3 Qc7 28. Nc4 Bd7 29. Qa2 Rb8 30. Nfd2 Rb5 31. Ra7 Rb7 32. Ra5 Rb5 33. Ra7 Rb7 34. Ra6 c5 35. dxc5 Bc6 36. Nd6 Bd5 37. c4 Rxb4 38. cxd5 e5 39. Rc6 Qe7 40. Nf5 Qf7 41. Re6 Rfb8 42. Re7 Qh5 43. d6+ Kh8 44. Nxg7 Qd1+ 45. Kh2 Rb2 46. Qf7 Qxd2 47. Nf5 1-0

[Event "Titled Tuesday intern op 12th Sep Late"]
[Site "Chess.com INT"]
[Date "2023.09.12"]
[Round "4"]
[White "Pasti, Aron"]
[Black "Ostrovskiy, Aleksandr A"]
[Result "1-0"]
[WhiteElo "2372"]
[BlackElo "2370"]
[PlyCount "117"]
[EventDate "2023.09.12"]
[EventType "swiss (blitz)"]
[EventRounds "11"]
[EventCountry "USA"]
[SourceTitle "EXT 2024"]
[Source "ChessBase"]
[SourceDate "2023.10.10"]
[SourceVersion "1"]
[SourceVersionDate "2023.10.10"]
[SourceQuality "1"]

1. e4 c5 2. Nf3 d6 3. d4 cxd4 4. Nxd4 Nf6 5. Nc3 g6 6. Be3 Nc6 7. f3 h5 8. Bc4 Bg7 9. Qd2 Bd7 10. 0-0-0 Na5 11. Bb3 Rb8 12. Kb1 b5 13. Nd5 Nc4 14. Qe2 Nxd5 15. exd5 Nxe3 16. Qxe3 a5 17. Nc6 Bxc6 18. dxc6 a4 19. Bd5 0-0 20. Rhe1 e6 21. Bxe6 fxe6 22. Qxe6+ Kh7 23. Rxd6 Qg5 24. c7 Rbc8 25. Rd7 Qxg2 26. Qe7 Rg8 27. Rd8 Qxf3 28. Rxg8 Rxg8 29. Qd8 Qf6 30. Qxg8+ Kxg8 31. c8Q+ Kh7 32. Qc3 Qxc3 33. bxc3 Bxc3 34. Re3 b4 35. a3 g5 36. axb4 Bxb4 37. Re4 Bd6 38. h3 a3 39. c4 Kg7 40. Re6 Bb4 41. Rb6 Be7 42. Rb5 Kf6 43. Rd5 g4 44. Rxh5 g3 45. Rh4 Ke5 46. Rg4 Bc5 47. Rxg3 Kd4 48. Rg4+ Kc3 49. Ka2 Kb4 50. h4 Be3 51. h5 Bd2 52. Rh4 Bh6 53. Rg4 Bd2 54. Rg6 Kxc4 55. h6 Kb4 56. h7 Bc3 57. Rg8 Kb5 58. h8Q Bxh8 59. Rxh8 1-0

[Event "Titled Tuesday intern op 12th Sep Late"]
[Site "Chess.com INT"]
[Date "2023.09.12"]
[Round "6"]
[White "Tifferet, Shaked"]
[Black "Ostrovskiy, Aleksandr A"]
[Result "0-1"]
[WhiteElo "2280"]
[BlackElo "2370"]
[PlyCount "84"]
[EventDate "2023.09.12"]
[EventType "swiss (blitz)"]
[EventRounds "11"]
[EventCountry "USA"]
[SourceTitle "EXT 2024"]
[Source "ChessBase"]
[SourceDate "2023.10.10"]
[SourceVersion "1"]
[SourceVersionDate "2023.10.10"]
[SourceQuality "1"]

1. e4 c5 2. Ne2 d6 3. g3 g6 4. Bg2 Bg7 5. 0-0 Nf6 6. c3 0-0 7. d4 Nc6 8. d5 Ne5 9. h3 b5 10. a4 bxa4 11. f4 Nc4 12. Rxa4 Nb6 13. Ra2 a5 14. e5 Ne8 15. e6 fxe6 16. dxe6 Bxe6 17. Bxa8 Qxa8 18. Ra3 Bxh3 19. Rf2 Be6 20. Nd2 Nf6 21. Nf1 Ng4 22. Be3 Nc4 23. Qd3 Ncxe3 24. Nxe3 Qh1+ 25. Kxh1 Nxf2+ 26. Kg2 Nxd3 27. Rxa5 Nxb2 28. Ra7 Nc4 29. Rxe7 Nxe3+ 30. Kf3 Bg4+ 31. Kxe3 Bxe2 32. Kxe2 Bxc3 33. Rd7 Rf6 34. Kd3 Be1 35. g4 Rxf4 36. g5 Rd4+ 37. Ke2 Bd2 38. Rd8+ Kf7 39. Rd7+ Ke6 40. Rxh7 Bxg5 41. Rg7 Kf5 42. Rf7+ Bf6 0-1

[Event "Sunnyvale 1000 GM 07"]
[Site "Sunnyvale"]
[Date "2023.07.31"]
[Round "7"]
[White "Nathan, Nitish"]
[Black "Ostrovskiy, Aleksandr A"]
[Result "1/2-1/2"]
[WhiteElo "2179"]
[BlackElo "2356"]
[PlyCount "25"]
[EventDate "2023.07.28"]
[EventType "schev"]
[EventRounds "9"]
[EventCountry "USA"]
[SourceTitle "EXT 2024"]
[Source "ChessBase"]
[SourceDate "2023.10.10"]
[SourceVersion "1"]
[SourceVersionDate "2023.10.10"]
[SourceQuality "1"]

1. d4 d5 2. Bf4 Nf6 3. e3 c5 4. Nf3 Nc6 5. Nbd2 Bg4 6. c3 e6 7. Qb3 Qc8 8. Ne5 Nxe5 9. Bxe5 c4 10. Qc2 Bf5 11. Qd1 Be7 12. Be2 0-0 13. g4 1/2-1/2